Central Library OPAC University of Rajshahi

A judge may laugh and even cry / (Record no. 62952)

MARC details
000 -LEADER
fixed length control field 00652nam a2200217 a 4500
001 - CONTROL NUMBER
control field 62952
003 - CONTROL NUMBER IDENTIFIER
rucl marc code BD-RjUL
005 - DATE AND TIME OF LATEST TRANSACTION
control field 20211209081138.0
008 - FIXED-LENGTH DATA ELEMENTS--GENERAL INFORMATION
fixed length control field 170126s1970 pk 000 0 eng
035 ## - SYSTEM CONTROL NUMBER
System control number (BD-RjUL)63080
040 ## - CATALOGING SOURCE
Original cataloging agency DLC
Transcribing agency DLC
Modifying agency BD-RjUL
Language of cataloging eng
041 ## - LANGUAGE CODE
Language code of text/sound track or separate title eng
082 ## - DEWEY DECIMAL CLASSIFICATION NUMBER
Edition number 23
Classification number 349.5491
Author mark and year KAJ 1970
100 1# - MAIN ENTRY--PERSONAL NAME
Personal name Kayani, Malik Rustam,
Dates associated with a name 1902-1962.
9 (RLIN) 187219
245 12 - TITLE STATEMENT
Title A judge may laugh and even cry /
Statement of responsibility, etc. by M. R. Kayani.
260 ## - PUBLICATION, DISTRIBUTION, ETC. (IMPRINT)
Place of publication, distribution, etc. Lahore :
Name of publisher, distributor, etc. Pakistan Writers' Co-operative Society,
Date of publication, distribution, etc. 1970
300 ## - PHYSICAL DESCRIPTION
Pagination vii, 165 p. ;
Size 22 cm.
500 ## - GENERAL NOTE
General note Running title: A judge may laugh.
650 #0 - SUBJECT ADDED ENTRY--TOPICAL TERM
Topical term or geographic name as entry element Law
Geographic subdivision Pakistan.
9 (RLIN) 187220
942 ## - ADDED ENTRY ELEMENTS (KOHA)
Source of classification or shelving scheme Dewey Decimal Classification
Koha item type Books
Holdings
Lost status Source of classification or shelving scheme Damaged status Not for loan Collection code Permanent Location Current Location Shelving location Date acquired Source of acquisition Cost, normal purchase price Total Checkouts Full call number Date last seen Copy number Koha item type
  Dewey Decimal Classification   Not For Loan Non-fiction Central Library, University of Rajshahi Central Library, University of Rajshahi Reading Room 23/07/1970 Royal con. 10.00   349.5491 KAJ 1970 26/01/2017 C-1 Books